| 000 | 00358nam a2200133 a 4500 | ||
|---|---|---|---|
| 005 | 20210219154520.0 | ||
| 008 | 030701s2000 mx r 000 0 spa d | ||
| 035 | _aUPN01000127087 | ||
| 049 | _aSEP | ||
| 050 | 4 |
_aL227 D11 _bM22 no.1 |
|
| 100 | 1 | _aRendón, Beatríz | |
| 245 | 1 | 0 | _aAcciones educativas prioritarias desarrolladas entre 1977-1980 |
| 905 | _aLibro | ||
| 999 |
_c99266 _d99266 |
||